| 000 | 01491nam a2200361Ia 4500 | ||
|---|---|---|---|
| 001 | ebr10533487 | ||
| 003 | CaPaEBR | ||
| 006 | m u | ||
| 007 | cr cn||||||||| | ||
| 008 | 020626s2003 miuab sb 001 0 eng d | ||
| 010 | _z 2002010175 | ||
| 020 | _z0814330800 | ||
| 020 | _z9780814330807 | ||
| 020 | _z9780814337479 | ||
| 040 |
_aCaPaEBR _cCaPaEBR |
||
| 035 | _a(OCoLC)777595284 | ||
| 050 | 1 | 4 |
_aJS803.2 _b.H35 2003eb |
| 082 | 0 | 4 |
_a320.9764/2812 _221 |
| 100 | 1 | _aHanson, Royce. | |
| 245 | 1 | 0 |
_aCivic culture and urban change _h[electronic resource] : _bgoverning Dallas / _cRoyce Hanson. |
| 260 |
_aDetroit : _bWayne State University Press, _cc2003. |
||
| 300 |
_axix 457 p. : _bill., maps. |
||
| 504 | _aIncludes bibliographical references and index. | ||
| 533 |
_aElectronic reproduction. _bPalo Alto, Calif. : _cebrary, _d2011. _nAvailable via World Wide Web. _nAccess may be limited to ebrary affiliated libraries. |
||
| 650 | 0 |
_aPolitical culture _zTexas _zDallas _xHistory _y20th century. |
|
| 650 | 0 |
_aCity planning _zTexas _zDallas _xHistory _y20th century. |
|
| 650 | 0 |
_aUrban policy _zTexas _zDallas _xHistory _y20th century. |
|
| 651 | 0 |
_aDallas (Tex.) _xPolitics and government _y20th century. |
|
| 651 | 0 |
_aDallas (Tex.) _xEconomic conditions _y20th century. |
|
| 655 | 7 |
_aElectronic books. _2local |
|
| 710 | 2 | _aebrary, Inc. | |
| 856 | 4 | 0 |
_uhttp://site.ebrary.com/lib/rucke/Doc?id=10533487 _zAn electronic book accessible through the World Wide Web; click to view |
| 999 |
_c148223 _d148223 |
||